| 000 | 00561nam a2200205Ia 4500 | ||
|---|---|---|---|
| 005 | 20260429112047.0 | ||
| 008 | 260429s9999||||xx |||||||||||||| ||und|| | ||
| 020 | _a9781835353462 | ||
| 041 | _aEnglish | ||
| 082 |
_a519.5 _bHAN |
||
| 100 | _aHan, Zehua | ||
| 245 | 0 |
_aApplication of statistical methods in r programming / _cZehua Han |
|
| 250 | _a1st ed. | ||
| 260 |
_aLondon : _bETP ED- Tech Press, _c2025. |
||
| 300 | _aix, 293 p.; hb | ||
| 650 | _a Data analysis | ||
| 650 | _a R (Computer program language) | ||
| 650 | _aStatistics | ||
| 942 | _cTB | ||
| 999 |
_c52140 _d52140 |
||